PAULO LONDRA - Canciones de Albumes y EP - Estadísticas

Estadísticas generales
  • Esta prueba ha sido intentada 156 veces
  • La puntuación promedio es 23 de 40
Estadísticas de respuestas
Feats Homerun % Correcto
. Adán y Eva
89%
Lenny Tavárez Nena Maldición
84%
. Homerun (Intro)
81%
. Tal Vez
81%
Duki Party En El Barrio
71%
. Plan A
69%
. Chica Paranormal
66%
. Por Eso Vine
64%
. Condenado Para El Millón
63%
. Romeo y Julieta
63%
Lit Killah Necio
62%
. Maldita Abusadora
61%
. PVSL
61%
. Julieta
59%
Travis Barker Nublado
59%
De La Ghetto, Justin Quiles Solo Pienso En Ti
59%
Feid A Veces
57%
. Chango
57%
. Dímelo
57%
. No Puedo
57%
. Querido Amigo
57%
. Sin Cadenas
57%
. Chance
56%
. Gracias
54%
Ed Sheeran Noche De Novela
54%
. Ella
53%
. Next
51%
. Y Yo No Sé
51%
. Demasiado Loco
49%
. Glamping
49%
. Luces
49%
. Mi Versión
49%
. Ójala
48%
. So Fresh
47%
. Forever Alone
44%
. Por Deporte
44%
. Sigan Hablando De Mí
44%
. Tenso
41%
Timbaland Toc Toc
39%
Joaqo Cansado
34%
No se encontraron pruebas coincidentes
Distribución de puntuación
Porcentaje de gente con cada puntuación
Porcentaje por número respondido
Historial de tus puntuaciones
No has intentado esta prueba.